Вып. 20; Тепловые напряжения в элементах конструкций

Bibliografiske detaljer
Parent link:Тепловые напряжения в элементах конструкций: [сборник]/ Академия наук Украинской ССР (АН УССР), Институт механики. Вып. 20.— , 1961-
Andre forfattere: Шевченко Ю. Н. (редактор)
Sprog:russisk
Udgivet: 1980
Fag:
Format: MixedMaterials Bog
KOHA link:https://koha.lib.tpu.ru/cgi-bin/koha/opac-detail.pl?biblionumber=333957

MARC

LEADER 00000nam2a2200000 4500
001 333957
005 20231102004616.0
035 |a (RuTPU)RU\TPU\book\359973 
035 |a RU\TPU\book\333128 
090 |a 333957 
100 |a 20170705d1980 k y0rusy50 ca 
101 0 |a rus 
102 |a UA 
105 |a a z 001zy 
200 0 |a Вып. 20  |f отв. ред. Ю. Н. Шевченко 
210 |d 1980 
215 |a 123 с.  |c ил. 
320 |a Библиогр. в конце ст. 
461 1 |0 (RuTPU)RU\TPU\book\253646  |t Тепловые напряжения в элементах конструкций  |o [сборник]  |f Академия наук Украинской ССР (АН УССР), Институт механики  |v Вып. 20  |d 1961-  
606 1 |a Температурные напряжения  |2 stltpush  |3 (RuTPU)RU\TPU\subj\59393  |9 76946 
610 1 |a термовязкоупругость 
610 1 |a термопластичность 
610 1 |a термоупругость 
610 1 |a теплопроводность 
610 1 |a электроупругость 
610 1 |a фотоупругость 
610 1 |a несущая способность 
610 1 |a оболочки 
610 1 |a напряженно-деформированное состояние 
610 1 |a деформации 
610 1 |a высокие температуры 
675 |a 539.377  |v 3 
702 1 |a Шевченко  |b Ю. Н.  |4 340 
801 1 |a RU  |b 63413507  |c 20151013 
801 2 |a RU  |b 63413507  |c 20180207  |g RCR 
942 |c BK